Les équipes qui ont éliminé le PSG en Ligue des Champions - Statistiques

Statistiques générales
  • Ce quiz a été pris 124 592 fois
    57 900 depuis la dernière actualisation
  • Le résultat moyen est 9 sur 12
Statistiques - réponses
Année Stade Score Équipe % Correct
2020 Finale 0-1 Bayern Munich
88%
2024 1/2 0-2 Borussia Dortmund
84%
2017 1/8 5-6 FC Barcelone
79%
2022 1/8 2-3 Real Madrid
78%
2013 1/4 3-3 FC Barcelone
74%
2021 1/2 1-4 Manchester City
72%
2023 1/8 0-3 Bayern Munich
70%
2018 1/8 2-5 Real Madrid
69%
2019 1/8 3-3 Manchester United
67%
2015 1/4 1-5 FC Barcelone
65%
2014 1/4 3-3 Chelsea
64%
2016 1/4 2-3 Manchester City
53%
Aucun quiz correspondant
Distribution des résultats
% des personnes avec chaque résultat
Percentile par nombre de réponses
Votre historique - résultats
Vous n’avez pas pris ce quiz depuis la dernière actualisation